| 000 | 00966nam a2200205 a 4500 | ||
|---|---|---|---|
| 008 | 140127s2013 ||||||||||||||||| || u | ||
| 050 | _aTHESIS/CHI | ||
| 100 | _aChipunza, Mwaka M | ||
| 245 | 1 | 0 |
_aLabour Unions effectiveness in representing employees in the mining industry: a case of mine workers union of Zambia and national union of miners and allied workers _cby Mwaka M. Chipunza |
| 260 |
_aKitwe: _bCopperbelt University _c2013 |
||
| 300 | _axiii, various pagings: ill. | ||
| 362 | 1 | _a<p>MA Human Resources Management</p> | |
| 500 | _aBibliography | ||
| 650 | _aMINE WORKERS UNION OF ZAMBIA--EFFECTIVENESS | ||
| 650 | _aLABOUR UNIONS--EFFECTIVENESS--ZAMBIA | ||
| 650 | _aNATIONAL UNION OF MINERS AND ALLIED WORKERS--EFFECTIVENESS | ||
| 650 | _aLABOUR UNIONS--MINING SECTOR | ||
| 650 | _aLABOUR UNIONS--ZAMBIA | ||
| 995 |
_FCBU-MAIN LIBRARY (Kitwe) _M1 _UAVAILABLE _WJan 27, 2014 _ZUniversity Collection |
||
| 999 |
_c48755 _d48755 |
||